| 000 | 02342cam a22005414i 4500 | ||
|---|---|---|---|
| 003 | PE-LiUPU | ||
| 005 | 20250731165448.0 | ||
| 008 | 150623s r 000 0 d | ||
| 020 | _a0816313407 | ||
| 035 | _a(Sirsi) i9780816313402 | ||
| 035 | _a(Sirsi) i9780816313402 | ||
| 040 |
_aPE-LiUPU _bspa _cPE-LiUPU _erda |
||
| 049 | _aPRUA | ||
| 100 | 1 |
_aShea, William H., _eautor. |
|
| 245 | 1 | 0 |
_aDaniel 7-12; prophecies of the end time / _cWilliam H. Shea. |
| 264 | 1 |
_aBoise, Idaho : _bPacific press publishing association, _c1996. |
|
| 300 |
_a236 páginas ; _c24 cm. |
||
| 336 |
_atext _2rdacontent |
||
| 337 |
_aunmediated _2rdamedia |
||
| 338 |
_avolume _2rdacarrier |
||
| 490 | 0 |
_aThe abundant life bible amplifier ; _v27/a |
|
| 504 | _aIncluye bibliografía. | ||
| 505 | 0 | _aHow to use this book. -Introduction tothe book of Daniel. -List of works cited. -Prophecies of the end times. -The interpretatio of prophecy. -Christ as sacrifice . -Christ as priest. -Christ as king. | |
| 526 | _aSEG44 | ||
| 526 | _aSEG26 | ||
| 526 | _aP151 | ||
| 526 | _aP150 | ||
| 526 | _aP149 | ||
| 526 | _aP146 | ||
| 526 | _aP145 | ||
| 526 | _aP126 | ||
| 526 | _aP125 | ||
| 526 | _aP92 | ||
| 526 | _aP75 | ||
| 526 | _aP74 | ||
| 526 | _aP27 | ||
| 526 | _aP15 | ||
| 630 |
_aBiblia. _pA.T. _pDaniel _xComentarios. |
||
| 942 |
_2ddc _cBOOK |
||
| 949 |
_aRC 220.77 BA 27 / A _wDEWEY _c1 _i54216 _lRC _mBUL _r0 _sY _tBOOK _u2015-6-24 _xBIBLIOTECA _zUNKNOWN _0COMPRA _o.CIRCNOTE. No olvidar cambiar la fecha de devolución!!!!!!! _o.STAFF. Colección General |
||
| 949 |
_aRC 220.77 BA 27 / A _wDEWEY _c2 _i43889 _lRC _mBUL _r0 _sY _tBOOK _u2015-6-24 _xTEOLOGIA _PP35 _0COMPRA _o.CIRCNOTE. No olvidar cambiar la fecha de devolución!!!!!!! _o.STAFF. Colección General |
||
| 994 |
_aC0 _bPEPRU |
||
| 596 | _a1 | ||
| 999 |
_aRC 220.77 BA 27 _wDEWEY _c20408 _i54217 _d20408 _f2021-11-8 _g6 _lCCODEBUL1 _mBUL _q1 _r1 _sY _tBOOK _u2015-6-24 _xTEOLOGIA _zUNKNOWN _0COMPRA _o.CIRCNOTE. No olvidar cambiar la fecha de devolución!!!!!!! _o.STAFF. Colección General |
||
| 999 |
_aRC 220.77 BA 27 _wDEWEY _c2 _i43888 _d2018-9-12 _f2021-11-8 _g6 _lCCODEBUL1 _mBUL _q3 _r1 _sY _tBOOK _u2015-6-24 _xTEOLOGIA _PP35 _0COMPRA _o.CIRCNOTE. No olvidar cambiar la fecha de devolución!!!!!!! _o.STAFF. Colección General |
||
| 980 |
_81 _gALBERTO SANCHEZ Responsable de Automatización |
||